Представление документа в формате MARC21

Поле Инд. ПП Название Значение
Тип записи a
Библиографический уровень m
001 Контрольный номер RU/IS/BASE/449319995
005 Дата корректировки 20150803111525.6
040 a Служба первич. каталог. НБ ТвГУ
b Код языка каталог. rus
e Правила каталог. PSBO
041 0_ a Код языка текста rus
080 a Индекс УДК 002.2(091)(470)
084 a Индекс другой классификации/Индекс ББК Ч610.3(2)
090 a Полочн. индекс 002
x Авторский знак Л 54
098 d Инвентарный ОРК 49038
100 1_ a Автор Либрович Сигизмунд Феликсович
d Дата 1855-1918
q Полное имя [соч.] С. Ф. Либровича
245 10 a Заглавие История книги в России
b Продолж. заглавия со снимками с древних рукописей, образцами первопечатных книг и позднейших редких изданий, портретами, копиями картин, гравюр и пр. и пр.
n Номер части/ раздела [Ч. 1
p Название части/ раздела С древнейших времен и до конца XVII столетия]
260 a Место издания Санкт-Петербург
a Место издания Москва
b Издательство товарищество М. О. Вольф
c Дата издания 1913
300 a Объем 224 с., [1] л. фронт. (ил.)
b Иллюстрации/ тип воспроизводства ил., портр.
c Размеры 21 см
561 1_ a История (примечание) Из коллекции Тверской духовной семинарии ; Тверского педагогического института
653 0_ a Ключевые слова История книги
a Ключевые слова Кириллические книги
a Ключевые слова Книговедение
a Ключевые слова Книгописцы
a Ключевые слова Книжное дело
a Ключевые слова Максим Грек
a Ключевые слова Остромирово Евангелие
a Ключевые слова Рукописные книги
a Ключевые слова Старопечатные книги
a Ключевые слова Типографии
a Ключевые слова Федоров Иван (первопечатник)
852 41 x Примечание, не предназначенное для пользователя Твер. духов. семинария
x Примечание, не предназначенное для пользователя Твер. пед. ин-т
852 41 x Примечание, не предназначенное для пользователя Сред. шк. № 1 г. Бологое
901 t Тип документа m
920 a Оператор Гадал
a Оператор Семен
a Оператор Суха
a Оператор Густ
a Оператор Стро
930 a Новая/Ретро новая
952 c Вид литературы К рн
954 a Дата поступления на обработку 20141112
c Дата окончания ОНО 20141118
b Дата поступления в ОК 20141013